00828 a2200181 4500003000500000005001700005010001600022020001500038040000900053082001400062100001900076245004700095260006400142300001900206490003800225505033000263650005300593NUST20230118153607.0 a 72077983 a0882240048 cNust00a718.4,RIC1 aRice, Frank M.10aEnglish and its teaching /cFrank M. Rice. aLincoln, Neb.,bProfessional Educators Publicationsc[1972] a98 p.;c23 cm.0 aThe Professional education series aOn Becoming a Teacher of English (Page-7), The Revolt Against Traditional English Programming (Page-14), New Developments in Literature Curricula and Their Teaching (Page-23), New Developments in Composition Curricula and Their Teaching (Page-54), A Miscellany Concerning The Teaching of English and The Curriculum (Page-72). 0aEnglish languagexStudy and teaching (Secondary)